| 000 | 00589nam a2200193 4500 | ||
|---|---|---|---|
| 005 | 20220315161946.0 | ||
| 008 | 220314b |||||||| |||| 00| 0 sp d | ||
| 040 |
_aODONTO _cODONTO _dODONTO |
||
| 041 | _gspa | ||
| 050 | _aC.E.863 S161 | ||
| 082 | _aClasificación decimal de Dewey | ||
| 245 | 1 | 3 |
_aLa llave del umbral / _cSalazar, Guilver. -- |
| 260 |
_a Guatemala : _b [s.n.], _c2008. |
||
| 300 |
_a181 p. : _c21 cm. |
||
| 650 | 0 | 2 |
_aLiteratura guatemalteca _9737 |
| 650 | 0 | 2 |
_aNovela guatemalteca _9738 |
| 700 |
_aSalazar, Guilver _9798 |
||
| 942 |
_2ddc _cBK _kClasificación Decimal Dewey _n0 |
||
| 999 |
_c265 _d265 |
||